Under Pressure - Queen, David Bowie (all lyrics) - Statistics

General Stats
  • This quiz has been taken 104 times
  • The average score is 171 of 237
Answer Stats
Answer % Correct
on
99%
a
97%
me
97%
Pressure
97%
pressure
97%
down
96%
the
94%
Under
94%
under
94%
you,
94%
you
94%
is
93%
people
90%
people,
90%
People
90%
love,
87%
Love,
87%
love
87%
love?
87%
this
87%
This
87%
to
87%
of
85%
pushing
85%
an
84%
about
82%
our
82%
it
81%
we
81%
and
79%
And
79%
so
79%
What
79%
chance?
78%
give
78%
Give
78%
ourselves
78%
no
76%
world
76%
Can't
75%
can't
75%
for
75%
"Let
75%
one
75%
out!"
75%
streets
75%
Why,
75%
why,
75%
why?
75%
Why
75%
friends
73%
good
72%
It's
72%
it's
72%
last
72%
Watching
72%
man
70%
more
70%
some
70%
'Cause
69%
knowing
69%
Pressing
69%
care
67%
in
67%
love's
67%
such
66%
terror
66%
that
66%
but
64%
dares
64%
way
63%
change
60%
dance,
60%
edge
60%
screaming
60%
word
60%
old-fashioned
58%
(high)
57%
caring
55%
night
55%
Tomorrow
55%
family
54%
are
49%
Puts
49%
two
49%
all
48%
don't
48%
higher
48%
higher,
48%
like
48%
ask
46%
These
46%
Splits
45%
days,
43%
Keep
43%
We're
43%
away
40%
building
40%
floor
40%
OK
40%
That's
40%
blind
39%
Sat
39%
brains
37%
coming
37%
my
37%
around,
36%
from
36%
never
36%
Turned
36%
up
36%
fence,
34%
gets
33%
Insanity
33%
breaking
31%
work
31%
rains
30%
pours
28%
with
28%
laughs
27%
torn
27%
burns
25%
slashed
24%
kick
18%
Chippin'
16%
'round
15%
No matching quizzes found
Score Distribution
Percent of People with Each Score
Percentile by Number Answered
Your Score History
You have not taken this quiz